01143 2200301 4500001002100000005001500021035002000036007000300056008004100059020002200100082001000122084001900132100002900151245006100180250003500241300004100276650002500317650002100342650002200363520029800385264003600683336002100719337003000740338002300770990001600793990001600809990001600825INLIS00000000116377420240320123140 a0010-0324000030ta240320 g | ind  a978-623-02-5878-7 a959.8 aSR 959.8 REN r0 aRenyaan, Kasmanepenulis1 aRagam sejarah tentang Buton dan Maluku /cKasman Renyaan aCetakan Pertama : Januari 2023 ax, 152 halaman :bilustrasi ;c20 cm 4aIndonesia -- Sejarah 4aButon -- Sejarah 4aMaluku -- Sejarah aBuku ini tampil mengusung misi dekonstruksi Buton dan Maluku sebagai entitas pinggiran. Mengambil beragam tema, penulis berhasil membangun kritik cerdasnya terhadap historiografi Buton. Disini penulis menampilkan perspektif sosiologisnya yangk uat terhadap sejumlah persoalan bahasa dan kuasa. aYogyakarta :bDeepublish,c2023 2rdacontentaTeks 2rdamediaaTanpa perantara 2rdacarrieraVolume a52686.65506 a52686.65506 a52686.65506